| 000 | 00412nam a2200121Ia 4500 | ||
|---|---|---|---|
| 005 | 20260328101458.0 | ||
| 008 | 260328s9999||||xx |||||||||||||| ||und|| | ||
| 100 | _aCámara Panameña de la Construcción | ||
| 245 | 0 |
_aPromesa de la Construcción : _b VIII Congreso de la Industria de la Construcción - 1972 / _cCámara Panameña de la Construcción |
|
| 260 | _bIGN | ||
| 650 | _aARQUITECTURA REGIONAL | ||
| 942 | _cBK | ||
| 999 |
_c8902 _d8902 |
||